A-Z Quiz #1 - Statistics

General Stats
  • This quiz has been taken 316 times
    312 since last reset
  • The average score is 16 of 26
Answer Stats
Hint Answer % Correct
Capital of Peru, also, a type of bean. Lima
90%
Popular "Whodunnit"-style board game. Clue
84%
Older form of calculator, used rows of beads. Abacus
83%
The energy of motion, ______ energy. Kinetic
82%
A coffee shop brewer. Barista
80%
Precious Chinese gemstone, turquoise colored. Jade
80%
The largest desert in Asia. Gobi
79%
Astronomical term for when one celestial body covers another. Eclipse
78%
Five-part horror film series, Final _______. Destination
72%
East-African country. Uganda
72%
The last US state alphabetically. Wyoming
72%
Scottish sea monster. Nessie
71%
Ancient Egyptian ruler. Pharaoh
70%
Pest-control method involving filling a room with gases. Fumigation
61%
Disease that can be acquired from being cut by a rusty item. Tetanus
61%
French savory,open-faced pastry dish. Quiche
55%
Christmas tree decoration. Ornament
54%
Japanese instrument brand. Yamaha
53%
Type of food poisoning. Salmonella
51%
Canadian city in Nova Scotia, also a division of Bank of Scotland. Halifax
49%
A contradiction on a fact, or the comeback argument in a debate. Rebuttal
42%
Number code on an automobile, especially helpful for reposessions. Vehicle Identification Number
42%
Incapable or unable to move. Immobile
40%
Southeastern European country, also known as the "Pearl of the Mediterranean". Montenegro
29%
Ganondorf is the antagonist. Zelda
21%
Yellow discoloration of the skin. Xanthosis
1%
No matching quizzes found
Score Distribution
Percent of People with Each Score
Percentile by Number Answered
Your Score History
You have not taken this quiz since the last reset